000 00664nam a2200253Ia 4500
005 20260121154705.0
008 008 260114s9999 xx 000 0 eng d
020 _a9780203732250
037 _aEBOOK
040 _aCRL
040 _beng
040 _cCRL
041 _2eng
041 _aeng
084 _qCRL
100 _a Leonidas Kyriakides; Bert P.M. Creemers; Anastasia Panayiotou; Evi Charalambous
_91010304
245 0 _aQuality and Equity in Education
260 _bTaylor and Francis
260 _c2021
856 _uhttp://www.taylorfrancis.com/books/9780203732250
942 _cEBOOK
999 _c1577125
_d1577125